书目信息 |
| 题名: |
背痛
|
|
| 作者: | 崔全起 主编 | |
| 分册: | ||
| 出版信息: | 北京 北京出版社 2003.09 |
|
| 页数: | 183页 | |
| 开本: | 20cm | |
| 丛书名: | 最新疼痛自诊自疗丛书 | |
| 单 册: | ||
| 中图分类: | R681.5 | |
| 科图分类: | ||
| 主题词: | 骨科学 , 运动系疾病 , 矫形外科学 | |
| 电子资源: | ||
| ISBN: | 7-200-04467-9 | |
| 000 | 00720nam0 2200265 450 | |
| 001 | 0772236016 | |
| 005 | 20071226200426.04 | |
| 010 | @a7-200-04467-9@dCNY11.00 | |
| 100 | @a20071226d2003 km y0chiy0120 ea | |
| 101 | 0 | @achi |
| 102 | @aCN@b110000 | |
| 200 | 1 | @a背痛@Abei tong@f崔全起主编@Fcui quan qi zhu bian |
| 205 | @a2版 | |
| 210 | @a北京@c北京出版社@d2003.09 | |
| 215 | @a183页@d20cm | |
| 225 | 2 | @a最新疼痛自诊自疗丛书 |
| 410 | 0 | @12001 @a最新疼痛自诊自疗丛书 |
| 606 | 0 | @a骨科学 |
| 606 | 0 | @a运动系疾病 |
| 606 | 0 | @a矫形外科学 |
| 690 | @aR681.5@v4 | |
| 701 | 0 | @a崔全起@Acui quan qi@4主编 |
| 801 | 0 | @aCN@b大连网信软件有限公司图书馆@c20071226 |
| 905 | @aBZT@dR681.5@e14 | |
| 906 | @dCNY11.00@n0@r1 | |
| 背痛/崔全起主编.-2版.-北京:北京出版社,2003.09 |
| 183页;20cm.-(最新疼痛自诊自疗丛书) |
| ISBN 7-200-04467-9:CNY11.00 |
| ● |
| 相关链接 |
|
|
|
正题名:背痛
索取号:R681.5/14
 
预约/预借
| 序号 | 登录号 | 条形码 | 馆藏地/架位号 | 状态 | 备注 |
| 1 | 607040 | 2000607040 | 中心书库中库/ 中库011架B面7列1层66/ [索取号:R681.5/14] | 在馆 | |
| 2 | 607041 | 2000607041 | 中心书库中库/ 中库011架B面7列1层65/ [索取号:R681.5/14] | 在馆 | |
| 3 | 607042 | 2000607042 | 中心书库中库/ 中库011架B面7列1层58/ [索取号:R681.5/14] | 在馆 | |
| 4 | 607043 | 2000607043 | 中心书库中库/ 中库011架B面7列1层61/ [索取号:R681.5/14] | 在馆 | |
| 5 | 607044 | 2000607044 | 中心书库中库/ 中库011架B面7列1层60/ [索取号:R681.5/14] | 在馆 | |
| 6 | 607045 | 2000607045 | 中心书库中库/ 中库011架B面7列1层62/ [索取号:R681.5/14] | 在馆 | |
| 7 | 607046 | 2000607046 | 中心书库中库/ 中库012架A面1列4层2/ [索取号:R681.5/14] | 在馆 | |
| 8 | 607047 | 2000607047 | 中心书库中库/ 中库011架B面7列1层64/ [索取号:R681.5/14] | 在馆 | |
| 9 | 607048 | 2000607048 | 中心书库中库/ 中库011架B面7列1层59/ [索取号:R681.5/14] | 在馆 | |
| 10 | 607049 | 2000607049 | 中心书库中库/ 中库011架B面7列1层63/ [索取号:R681.5/14] | 在馆 |